000 00229nam a2200097Ia 4500
008 190216s9999||||xx |||||||||||||| ||und||
100 _aChatergee .p.n
245 0 _aVector Calculus
260 _bRajhans Prakash Mandir
942 _cBK
999 _c30657
_d30657